000 00240nam a2200097Ia 4500
008 230508s2003 xx 000 0 und d
041 _aeng
100 _aM.KAZINIK
245 _aLABORATORY PRACTICE IN RADIO
260 _bMIR PUBLI.MOSCOW
_c2003
999 _c723792
_d723792